One Piece - Chaîne de commandement - Statistiques

Statistiques générales
  • Ce quiz a été pris 128 fois
    82 depuis la dernière actualisation
  • Le résultat moyen est 10 sur 34
Statistiques - réponses
% Correct
Equipage aux cents bêtes Kaido
100%
Equipage de Big Mom Big Mom
70%
Gouvernement Mondial Imu
61%
Pacifistas Vegapunk
54%
Gouvernement Mondial Cinq Doyens
49%
Pacifistas Cinq Doyens
49%
Marine Amiral en Chef
43%
Pacifistas Sentomaru
43%
Marine Amiraux
41%
Gouvernement Mondial Amiraux
41%
Marine Vice-Amiraux
38%
Pacifistas Jewerly Bonney
33%
Gouvernement Mondial Chevaliers Divins
31%
Marine Lieutenants colonels
31%
Gouvernement Mondial Dragons Célestes
30%
Equipage aux cents bêtes Tobi Roppo
30%
Pacifistas Marine
28%
Equipage aux cents bêtes Superstars
28%
Marine Contre-Amiraux
25%
Marine Colonels
23%
Equipage de Big Mom Généraux Sucrés
23%
Equipage aux cents bêtes Gifters
21%
Marine Sous-Amiraux
20%
Equipage aux cents bêtes Waiters
20%
Marine Lieutenants
18%
Equipage aux cents bêtes Numbers
18%
Gouvernement Mondial Cipher Pol
15%
Pacifistas Cipher Pol
15%
Equipage de Big Mom Homies
13%
Equipage de Big Mom Famille Charlotte
10%
Equipage aux cents bêtes Pleasures
10%
Equipage aux cents bêtes Vedettes
5%
Equipage de Big Mom Combattants
3%
Equipage aux cents bêtes Marys
3%
Aucun quiz correspondant
Distribution des résultats
% des personnes avec chaque résultat
Percentile par nombre de réponses
Votre historique - résultats
Vous n’avez pas pris ce quiz depuis la dernière actualisation